| 000 | 02301nam0a2200361 4500 | ||
|---|---|---|---|
| 001 | RU\NLR\bibl\1454934 | ||
| 005 | 20260407213148.0 | ||
| 010 |
_a978-5-91412-070-5 _9500 |
||
| 021 |
_aRU _b2009-89111 _95612 |
||
| 035 | _a(nilc)RSL-KNO-004407387 | ||
| 035 | _a(NLR Aleph) 001446742 | ||
| 090 |
_a1497405 _c1497405 |
||
| 100 | _a20091105d2009 |||y0rusy50 ca | ||
| 101 | 0 | _arus | |
| 102 | _aRU | ||
| 105 | _aa ||||||||| | ||
| 200 | 1 |
_aСоциокультурные основания стратегии развития регионов России _eсборник материалов V Всероссийской научно-практической конференции по программе "Социокультурная эволюция России и ее регионов", 6-9 октября 2009 г., г. Смоленск _f[редкол.: А. И. Винокуров (отв. ред.) и др.] |
|
| 210 |
_aСмоленск _cУниверсум _d2009 |
||
| 215 |
_a293 с. _cил., табл. _d29 |
||
| 300 | _aВ надзаг.: Рос. акад. наук, Ин-т философии РАН, Центр изучения социокультурных изменений, Научно-координационный совет Секции ФСПП ООН РАН, Российский гуманитарный научный фонд, Смоленский фил. Орловской региональной акад. гос. службы | ||
| 320 | _aБиблиогр. в конце ст. | ||
| 606 | 1 |
_aРегионы Российской Федерации _jСъезды, совещания и т.п. _xСоциокультурное развитие _92245860 _3RU\NLR\auth\661347367 |
|
| 686 |
_aД9(2)0я431(2) _2rubbk |
||
| 686 | _aТ3(2)74-5я431 | ||
| 686 | _aС550.2я431 | ||
| 702 | 1 |
_aВинокуров _bА. И. _4340 |
|
| 711 | 1 | 2 |
_aВсероссийская научно-практическая конференция по программе "Социокультурная эволюция России и ее регионов" _d5 _eСмоленск _f2009 _9779828 _3RU\NLR\AUTH\8810142573 |
| 801 | 0 |
_aRU _bРГБ _c20091105 _grcr |
|
| 801 | 1 |
_aRU _bРГБ _c20091105 |
|
| 801 | 2 |
_aRU _bNLR _c20091218 _grcr |
|
| 942 | _cBOOK | ||
| 980 | _aNB | ||